00535nam a22001697a 450000500170000001000150001702000260003203500130005803700130007108200180008410000200010224500960012226000380021827000500025630000190030650000400032520130514114421.0 aENG-107103 a9789350700112c380.00 aEN-90636 bDBAD/PUB a378.198095475 aAgrawal, Sarita10aGlobalization and academic performance of higher education institution /cby Sarita Agrawal aHaryanabShanti Prakashanc(201?) a1780, Sector-1, Delhi By-passbRohtake124001 a96p.c22cm(Hb) aIncludes bibliographical references